Normal view
MARC view
- Rakesh K.Gupta, Elliot Kennel
Entry Personal Name
001 - CONTROL NUMBER
- control field: 88462
003 - CONTROL NUMBER IDENTIFIER
- control field: NUST
005 - DATE AND TIME OF LATEST TRANSACTION
- control field: 20220118121238.0
008 - FIXED-LENGTH DATA ELEMENTS
- fixed length control field: 220118|| aca||aabn | a|a d
040 ## - CATALOGING SOURCE
- Original cataloging agency: NUST
- Transcribing agency: NUST
100 ## - HEADING--PERSONAL NAME
- Personal name: Rakesh K.Gupta, Elliot Kennel
670 ## - SOURCE DATA FOUND
- Source citation: Work cat.: (NUST): Rakesh K.Gupta, Elliot Kennel,, Polymer nanocomposites handbook, 2010
